000 00288nam a22000977a 4500
999 _c526698
_d526698
082 _aSNT Lx54 Sh23
100 _aSharma, Aruna Limaye
_946258
245 _aResource convergence mantra model
_bBy Sharma, Aruna Limaye
260 _aNew Delhi
_bSheriden Book Company
_c2008
300 _a220p